On Trans-Saharan trails : (Record no. 44391)
[ view plain ]
| 000 -LEADER | |
|---|---|
| campo de control de longitud fija | 01607cam a2200385 a 4500 |
| 001 - NÚMERO DE CONTROL | |
| campo de control | 112859 |
| 005 - FECHA Y HORA DE LA ÚLTIMA TRANSACCIÓN | |
| campo de control | 20230410115610.0 |
| 008 - DATOS DE LONGITUD FIJA--INFORMACIÓN GENERAL | |
| campo de control de longitud fija | 080425s2009 enkb b 001 0 eng |
| 035 ## - NÚMERO DE CONTROL DEL SISTEMA | |
| Número de control de sistema | 15276853 |
| 010 ## - NÚMERO DE CONTROL DE LA BIBLIOTECA DEL CONGRESO | |
| Número de control de LC | 2008019074 |
| 020 ## - NÚMERO INTERNACIONAL ESTÁNDAR DEL LIBRO | |
| Número Internacional Estándar del Libro | 9780521887243 (hbk) |
| 020 ## - NÚMERO INTERNACIONAL ESTÁNDAR DEL LIBRO | |
| Número Internacional Estándar del Libro | 0521887240 (hbk) |
| 035 ## - NÚMERO DE CONTROL DEL SISTEMA | |
| Número de control de sistema | (OCoLC)ocn226911748 |
| 040 ## - FUENTE DE CATALOGACIÓN | |
| Centro catalogador/agencia de origen | DLC |
| Centro/agencia transcriptor | DLC |
| Centro/agencia modificador | BTCTA |
| -- | C#P |
| -- | YDXCP |
| -- | BWX |
| -- | CDX |
| -- | BWK |
| -- | DLC |
| 043 ## - CÓDIGO DE ÁREA GEOGRÁFICA | |
| Código de área geográfica | fd----- |
| -- | fw----- |
| 050 14 - SIGNATURA TOPOGRÁFICA DE LA BIBLIOTECA DEL CONGRESO | |
| Número de clasificación | HF 3937 |
| Número de ítem | L983o 2009 |
| 082 00 - NÚMERO DE LA CLASIFICACIÓN DECIMAL DEWEY | |
| Número de clasificación | 382.0966 |
| 100 1# - ENTRADA PRINCIPAL--NOMBRE DE PERSONA | |
| Nombre de persona | Lydon, Ghislaine. |
| 245 10 - MENCIÓN DEL TÍTULO | |
| Título | On Trans-Saharan trails : |
| Resto del título | Islamic law, trade networks, and cross-cultural exchange in nineteenth-century Western Africa / |
| Mención de responsabilidad, etc. | Ghislaine Lydon. |
| 260 ## - PUBLICACIÓN, DISTRIBUCIÓN, ETC. | |
| Lugar de publicación, distribución, etc. | Cambridge ; |
| -- | New York : |
| Nombre del editor, distribuidor, etc. | Cambridge University Press, |
| Fecha de publicación, distribución, etc. | 2009. |
| 300 ## - DESCRIPCIÓN FÍSICA | |
| Extensión | xxviii, 468 p. : |
| Otras características físicas | maps ; |
| Dimensiones | 24 cm. |
| 504 ## - NOTA DE BIBLIOGRAFÍA, ETC. | |
| Nota de bibliografía, etc. | Includes bibliographical references (p. 409-449) and index. |
| 651 #0 - PUNTO DE ACCESO ADICIONAL DE MATERIA--NOMBRE GEOGRÁFICO | |
| Nombre geográfico | Sahara |
| Subdivisión general | Commerce |
| -- | History |
| Subdivisión cronológica | 19th century. |
| 651 #0 - PUNTO DE ACCESO ADICIONAL DE MATERIA--NOMBRE GEOGRÁFICO | |
| Nombre geográfico | Africa, West |
| Subdivisión general | Commerce |
| -- | History |
| Subdivisión cronológica | 19th century. |
| 650 #0 - PUNTO DE ACCESO ADICIONAL DE MATERIA--TÉRMINO DE MATERIA | |
| Término de materia o nombre geográfico como elemento de entrada | Trade routes |
| Subdivisión geográfica | Sahara |
| Subdivisión general | History |
| Subdivisión cronológica | 19th century. |
| 650 #0 - PUNTO DE ACCESO ADICIONAL DE MATERIA--TÉRMINO DE MATERIA | |
| Término de materia o nombre geográfico como elemento de entrada | Trade routes |
| Subdivisión geográfica | Africa, West |
| Subdivisión general | History |
| Subdivisión cronológica | 19th century. |
| 651 #4 - PUNTO DE ACCESO ADICIONAL DE MATERIA--NOMBRE GEOGRÁFICO | |
| Nombre geográfico | Africa Sub-Sahara |
| Subdivisión general | Comercio |
| -- | Historia |
| Subdivisión cronológica | Siglo XIX. |
| 650 #4 - PUNTO DE ACCESO ADICIONAL DE MATERIA--TÉRMINO DE MATERIA | |
| Término de materia o nombre geográfico como elemento de entrada | Rutas comerciales |
| Subdivisión geográfica | Africa |
| Subdivisión general | Historia |
| Subdivisión cronológica | Siglo XIX. |
| 650 #4 - PUNTO DE ACCESO ADICIONAL DE MATERIA--TÉRMINO DE MATERIA | |
| Término de materia o nombre geográfico como elemento de entrada | Rutas comerciales |
| Subdivisión geográfica | Sahara |
| Subdivisión general | Historia |
| Subdivisión cronológica | Siglo XIX. |
| 856 41 - LOCALIZACIÓN Y ACCESO ELECTRÓNICOS | |
| Materiales especificados | Table of contents only |
| Identificador Uniforme de Recursos | <a href="http://www.loc.gov/catdir/toc/ecip0817/2008019074.html">http://www.loc.gov/catdir/toc/ecip0817/2008019074.html</a> |
| 925 0# - | |
| -- | acquire |
| -- | 2 shelf copies |
| -- | policy default |
| 942 ## - ELEMENTOS DE ENTRADA SECUNDARIOS (KOHA) | |
| Fuente del sistema de clasificación o colocación | Clasificación de Library of Congress |
| Tipo de ítem Koha | |
| 963 ## - | |
| -- | Cathy Felgar; phone: 212-337-5094; email: cfelgar@cambridge.org; bc: sreid@cambridge.org |
| 946 ## - PROCESAMIENTO DE INFORMACIÓN LOCAL (OCLC) | |
| a | YSL |
| Estatus retirado | Estado de pérdida | Fuente del sistema de clasificación o colocación | Estado de daño | No para préstamo | Colección | Biblioteca de origen | Biblioteca actual | Ubicación en estantería | Fecha de adquisición | Serial enumeration / chronology | Signatura topográfica completa | Código de barras | Visto por última vez | Copia número | Tipo de ítem Koha |
|---|---|---|---|---|---|---|---|---|---|---|---|---|---|---|---|
| Clasificación de Library of Congress | Ciencias Sociales | Biblioteca Juan Bosch | Biblioteca Juan Bosch | Ciencias Sociales (3er. Piso) | 10/04/2023 | 1 | HF 3937 L983o 2009 | 00000106577 | 24/10/2018 | 1 |
